The victim turned offender: an empirical study in playamkottai central prison (Record no. 113043)

000 -LEADER
fixed length control field 00476pab a2200181 454500
008 - FIXED-LENGTH DATA ELEMENTS--GENERAL INFORMATION
fixed length control field 180718b2015 xxu||||| |||| 00| 0 eng d
100 ## - MAIN ENTRY--PERSONAL NAME
Personal name Shekhar, Beulah
245 ## - TITLE STATEMENT
Title The victim turned offender: an empirical study in playamkottai central prison
260 ## - PUBLICATION, DISTRIBUTION, ETC.
Date of publication, distribution, etc. 2015
300 ## - PHYSICAL DESCRIPTION
Extent p.155-167.
362 ## - DATES OF PUBLICATION AND/OR SEQUENTIAL DESIGNATION
Dates of publication and/or sequential designation Oct-Dec
650 ## - SUBJECT ADDED ENTRY--TOPICAL TERM
Topical term or geographic name entry element Prisons
650 ## - SUBJECT ADDED ENTRY--TOPICAL TERM
Topical term or geographic name entry element Crime
700 ## - ADDED ENTRY--PERSONAL NAME
Personal name Somasundaram, Vijaya
700 ## - ADDED ENTRY--PERSONAL NAME
Personal name Raja, S.
773 ## - HOST ITEM ENTRY
Main entry heading Indian Police Journal
909 ## -
-- 113048
Holdings
Withdrawn status Lost status Damaged status Not for loan Permanent Location Current Location Date acquired Serial Enumeration / chronology Barcode Date last seen Price effective from Koha item type
        Indian Institute of Public Administration Indian Institute of Public Administration 2018-07-19 Volume no: 62, Issue no: 4 AR113508 2018-07-19 2018-07-19 Articles

Powered by Koha